Child Actors Grown-Up Quiz Stats

 Plays Quiz Updated Oct 18, 2018

Score 0/24 Timer 06:00
1 Play Today
% Correct
Macaulay Culkin
66.8%
Haley Joel Osment
61.5%
Fred Savage
51%
Joey Lawrence
43%
Jonathan Taylor Thomas
40.1%
Jaleel White
40%
Candace Cameron Bure
39.8%
Soleil Moon Frye
31.1%
Mackenzie Phillips
27.9%
Ricky Schroder
26.4%
Maureen McCormick
23.5%
Ralph Macchio
23%
% Correct
Anthony Michael Hall
22.7%
Melissa Gilbert
21.8%
Corey Haim
21.7%
Shirley Temple
21.4%
Tatum O'Neal
19.5%
Jerry Mathers
17.6%
Jonathan Lipnicki
16.2%
Keshia Knight Pulliam
15.2%
Tina Yothers
14.2%
Martha Plimpton
14%
Kim Fields
13.1%
Kristy McNichol
7.4%

You're not logged in!

Compare scores with friends on all Sporcle quizzes.
OR
Log In

Sporcle TV

Today on Sporcle TV


Watch our educational content, quiz creation guides, and fun videos on Sporcle TV.

Show Comments

Extras

Top Quizzes Today


Score Distribution

Your Account Isn't Verified!

In order to create a playlist on Sporcle, you need to verify the email address you used during registration. Go to your Sporcle Settings to finish the process.

Report this User

Report this user for behavior that violates our Community Guidelines.

Details: